Statistiken für Der Zauberlehrling - Ballade Johann Wolfgang von Goethe

Klicken Sie hier um das Quiz zu spielen!

Allgemein

  • Dieses Quiz wurde 82 mal gespielt
  • Das Durchschnittsergebnis liegt bei 199 aus 405

Antwortstatistiken

Answeran% Korrekt
der
100%
alte
92%
Hat
92%
Sich
92%
Hexenmeister
87%
Und
87%
doch
83%
einmal
82%
seine
78%
Auch
75%
Geister
75%
meinem
75%
nach
75%
nun
75%
sollen
75%
wegbegeben!
75%
leben.
72%
und
72%
Willen
72%
Und
70%
und
70%
Strecke,
68%
Und
68%
Walle!
68%
walle
68%
zum
68%
Daß,
67%
fließe
67%
Manche
67%
Seine
67%
sich
67%
Wasser
67%
Zu
67%
Zwecke,
67%
dem
65%
ergieße.
65%
ich
65%
mit
65%
Und
65%
Bade
63%
den
63%
die
63%
er
63%
ich
63%
mit
63%
Und
63%
auch.
62%
ein
62%
sich
62%
Strecke
62%
und
62%
Und
62%
walle
62%
Walle!
62%
Zu
62%
zum
62%
zum
62%
Besen!
60%
das
60%
das
60%
das
60%
das
60%
Daß,
60%
dem
60%
der
60%
du
60%
er
60%
ergieße.
60%
fließe
60%
Manche
60%
mit
60%
sei
60%
Wasser
60%
Zwecke,
60%
Bade
58%
da
58%
Das
58%
das
58%
dem
58%
dem
58%
der
58%
der
58%
Er
58%
er
58%
Mit
58%
mit
58%
Tu
58%
vollem
58%
Wort'
58%
da
57%
das
57%
der
57%
der
57%
Der
57%
ein.
57%
er
57%
er
57%
mit
57%
nun
57%
reichem,
57%
Schwalle
57%
sich
57%
und
57%
Und
57%
und
57%
und
57%
und
57%
und
57%
vollem
57%
was
57%
zum
57%
Brauch,
55%
die
55%
Die
55%
die
55%
die
55%
die
55%
Ein
55%
er
55%
er
55%
gewesen:
55%
mit
55%
Nun
55%
reichem,
55%
Schwalle
55%
Und
55%
Und
55%
Und
55%
Voll
55%
Wasser
55%
Werke
55%
Wunder
55%
Besen!
53%
Bist
53%
dem
53%
die
53%
du
53%
Geistesstärke
53%
ich
53%
läuft
53%
Mit
53%
nun
53%
Soll
53%
Will
53%
alte
52%
Besen!
52%
Besen!
52%
doch
52%
doch
52%
du
52%
ich
52%
ich
52%
ich
52%
ich
52%
"In
52%
komm,
52%
Merkt
52%
schon
52%
Wie
52%
Will
52%
Will
52%
will!
52%
Willen!
52%
zu
52%
alter
50%
Auf
50%
Besen,
50%
den
50%
Denn
50%
du
50%
du
50%
gewesen.
50%
ich
50%
ich
50%
ich
50%
in
50%
in
50%
nicht
50%
nicht
50%
schon
50%
Werd
50%
Wie
50%
Wie
50%
wieder
50%
zwei
50%
alte
48%
alte
48%
Doch
48%
doch
48%
Flusse,
48%
Geister
48%
Knecht
48%
meinen
48%
Meister!
48%
Meister!
48%
nicht
48%
nicht
48%
Nimm
48%
nun
48%
nun
48%
O,
48%
Zwecke,
48%
am
47%
gehe
47%
gewesen.
47%
gewesen,
47%
ist
47%
lange
47%
läuft
47%
Lumpenhüllen;
47%
Meister."
47%
nun
47%
o
47%
Schon
47%
stehe,
47%
Ach,
45%
an
45%
auf
45%
auf
45%
auf
45%
Beinen
45%
Denn
45%
erfülle
45%
Geister
45%
Haus
45%
im
45%
Ist
45%
Kann
45%
los.
45%
mich
45%
mich
45%
mich
45%
rief,
45%
sie
45%
vergessen!
45%
Wassertopf!
45%
wieder
45%
wieder!
45%
Wort
45%
Wort,
45%
Ach!
43%
Ach!
43%
Ach,
43%
Ach,
43%
Ach,
43%
am
43%
Ausgeburt
43%
Ecke,
43%
Eile
43%
Ende
43%
ersaufen?
43%
es!
43%
Flüsse
43%
ganze
43%
Hab
43%
Hölle!
43%
Immer
43%
immer
43%
jede
43%
kann
43%
Kopf,
43%
nieder,
43%
Oben
43%
schlechten
43%
Schon
43%
schon
43%
Seht,
43%
Seids
43%
Steh
43%
Ufer
43%
Wärst
43%
wir
43%
wird,
43%
zweiten
43%
ach!
42%
Gusse.
42%
hör
42%
ist
42%
ist
42%
Male!
42%
merk
42%
mir
42%
stehe!
42%
Stehe!
42%
wird
42%
als
40%
Deiner
40%
dich
40%
Ende
40%
euch
40%
füllt!
40%
haben
40%
Herr,
40%
Herr
40%
hier
40%
hören
40%
hundert
40%
ihr
40%
ist
40%
jede
40%
kommt
40%
mir,
40%
Not
40%
nur
40%
nur,
40%
schnell
40%
schwillt!
40%
still!
40%
Stürzen
40%
Wahrlich!
40%
als
38%
Becken
38%
Beile
38%
Blitzesschnelle
38%
dich
38%
dich
38%
entzwei!
38%
Gaben
38%
groß!
38%
Güsse
38%
herein,
38%
kommt
38%
laufen.
38%
Naß
38%
nässer.
38%
Nein,
38%
neue
38%
raschem
38%
Ruft
38%
Schale
38%
über
38%
Willst
38%
worauf
38%
bänger!
37%
bringt
37%
Bringt
37%
Eile
37%
hoffen,
37%
Holz
37%
ihn
37%
lassen;
37%
laufen!
37%
nieder;
37%
Schärfe.
37%
scharfen
37%
Seh
37%
spalten.
37%
Stock,
37%
werfe
37%
Beide
35%
Erst
35%
fassen.
35%
frei!
35%
glatte
35%
Gleich,
35%
hervor,
35%
Krachend
35%
länger
35%
lassen?
35%
Mächte!
35%
rufen! -
35%
Saal
35%
Schwelle
35%
Seht,
35%
Seht,
35%
Stufen.
35%
Teile
35%
trifft
35%
Tücke!
35%
verruchter
35%
Vollgemessen! -
35%
Wasserströme
35%
wehe!
35%
Wehe!
35%
Welch
35%
Welche
35%
welche
35%
Wirds
35%
atme
33%
Blicke!
33%
entsetzliches
33%
fassen
33%
fertig
33%
Gar
33%
getroffen!
33%
Gewässer!
33%
halten
33%
Helft
33%
Höhe!
33%
hohen
33%
ichs
33%
Knechte
33%
Kobold,
33%
liegst
33%
Miene!
33%
schleppend
33%
Stehn
33%
Völlig
33%
Wahrlich!
33%
Wehe!
33%
wehe!
33%
behende!
32%
brav
32%
behende
30%
diesem
30%

Verteilung der Resultate

Perzentil nach korrekt beantworteten Fragen

Anzahl Personen mit jedem Resultat

Ihre Resultats-Entwicklung

Sie haben dieses Quiz noch nicht gespielt